| Virtuální polytechnická knihovna - Souborný katalog - Úplný záznam dokumentu - MARC |
Uživatel: --- |
-----nas 22-----zu 4500
001 SKVPK0031859
003 CZ-VPK
005 20260422121648.0
008 260422d19611964||||| | ||| || |||||||
040 $aABA013$bcze
222 0$aOil and Gas International
245 00$aOil and Gas International
260 $aVelká Británie :$bLondon : Petroleum Publ,$c1961-1964
650 07$ageologie$xgl$2psh
650 07$achemie$xch$2psh
910 $aABA013$r1961-1964
| čtvrtek 14.05.2026 02:30:20 |
© 2001-2015 Národní technická knihovna |
[Virtuální polytechnická knihovna]
[Servisní centrum]
[Souborný katalog]